Statistics for The Ultimate Riverdale quiz

Click here to take the quiz!

General Stats

  • This quiz has been taken 857 times
  • The average score is 8 of 10

Answer Stats

QuestionAnswer% Correct
Who is the music teacher at Riverdale?Miss Grundy
99%
The biker gang is called the south side____?Serpents
99%
What is the name of the football team Archie plays for?Riverdale Bulldogs
98%
What does Hiram Lodge plan to build?A Prison
94%
what is the name of the popular diner where almost everyone goes?Pops Choc lit shop
91%
What is the town next to riverdale?Greendale
87%
what movie is playing at the drive-in on its final night?Rebel Without a Cause
62%
Who gave Jughead his Serpent Jacket?Tall Boy
60%
What is the sixth Serpent Law?In unity there is strength
55%
How many wigs does Clifford Blossom own6
45%

Score Distribution

Percentile by Number Answered

Percent of People with Each Score

Your Score History

You have not taken this quiz